Family man : (Record no. 6598)
[ view plain ]
| 000 -LEADER | |
|---|---|
| fixed length control field | 02211cam a22003854a 4500 |
| 001 - CONTROL NUMBER | |
| control field | 60881627 |
| 003 - CONTROL NUMBER IDENTIFIER | |
| control field | OCoLC |
| 005 - DATE AND TIME OF LATEST TRANSACTION | |
| control field | 20190117164211.0 |
| 008 - FIXED-LENGTH DATA ELEMENTS--GENERAL INFORMATION | |
| fixed length control field | 050629s2005 ilua b 001 0beng |
| 010 ## - LIBRARY OF CONGRESS CONTROL NUMBER | |
| LC control number | 2005018562 |
| 020 ## - INTERNATIONAL STANDARD BOOK NUMBER | |
| International Standard Book Number | 0842381910 (hc : alk. paper) |
| 020 ## - INTERNATIONAL STANDARD BOOK NUMBER | |
| International Standard Book Number | 9780842381918 (hc : alk. paper) |
| 020 ## - INTERNATIONAL STANDARD BOOK NUMBER | |
| International Standard Book Number | 0842381929 (sc : alk. paper) |
| 020 ## - INTERNATIONAL STANDARD BOOK NUMBER | |
| International Standard Book Number | 9780842381925 (sc : alk. paper) |
| 035 ## - SYSTEM CONTROL NUMBER | |
| System control number | (OCoLC)60881627 |
| 040 ## - CATALOGING SOURCE | |
| Original cataloging agency | DLC |
| Language of cataloging | eng |
| Transcribing agency | DLC |
| Modifying agency | IG# |
| -- | BAKER |
| -- | JPK |
| -- | BTCTA |
| -- | VP@ |
| -- | YDXCP |
| -- | SMP |
| -- | OCLCQ |
| -- | CQU |
| -- | BGTON |
| -- | OCLCQ |
| -- | BDX |
| -- | OCLCA |
| -- | P4I |
| -- | OCLCF |
| -- | CIRBC |
| 042 ## - AUTHENTICATION CODE | |
| Authentication code | pcc |
| 043 ## - GEOGRAPHIC AREA CODE | |
| Geographic area code | n-us--- |
| 050 00 - LIBRARY OF CONGRESS CALL NUMBER | |
| Classification number | BR1725.D62 |
| Item number | B87 2005 |
| 082 00 - DEWEY DECIMAL CLASSIFICATION NUMBER | |
| Classification number | 269.2 |
| Edition number | 22 |
| Item number | D635F |
| 092 0# - LOCALLY ASSIGNED DEWEY CALL NUMBER (OCLC) | |
| Classification number | 269.2092 |
| Item number | D6355b |
| 100 1# - MAIN ENTRY--PERSONAL NAME | |
| Personal name | Buss, Dale. |
| 245 10 - TITLE STATEMENT | |
| Title | Family man : |
| Remainder of title | the biography of Dr. James Dobson / |
| Statement of responsibility, etc. | Dale Buss. |
| 260 ## - PUBLICATION, DISTRIBUTION, ETC. | |
| Place of publication, distribution, etc. | Wheaton, Ill. : |
| Name of publisher, distributor, etc. | Tyndale House Publishers, |
| Date of publication, distribution, etc. | c2005. |
| 300 ## - PHYSICAL DESCRIPTION | |
| Extent | x, 415 p. : |
| Other physical details | ill. (chielfy col.) ; |
| Dimensions | 24 cm. |
| 504 ## - BIBLIOGRAPHY, ETC. NOTE | |
| Bibliography, etc. note | Includes bibliographical references (p. 399-406) and index. |
| 505 0# - FORMATTED CONTENTS NOTE | |
| Formatted contents note | Campaign mode -- Paterfamilias -- Striver -- Daring to discipline -- Packing the house -- The velvet microphone -- Deal with a devil -- A born entrepreneur -- Colorado, here we come! -- Hot pending -- The political animal -- Bringing the hammer -- Stress fractures -- The Dobson difference -- Transformed lives -- Friends of Jim -- A silver thread -- Inside the fishbowl -- Black and white and red and blue -- A crucible and a gauntlet -- A week in the life -- Maybe Bruce was right -- The third way -- No small feat -- Slouching toward Gomorrah -- Montgomery and beyond -- Righteous revolution. |
| 520 ## - SUMMARY, ETC. | |
| Summary, etc. | Presents a comprehensive biography of "Focus on the Family" founder, Dr. James Dobson, and chronicles his childhood, early career in psychology, and the evolution of his world-wide ministry that focuses on family values. |
| 600 10 - SUBJECT ADDED ENTRY--PERSONAL NAME | |
| Personal name | Dobson, James C., |
| Dates associated with a name | 1936- |
| 610 20 - SUBJECT ADDED ENTRY--CORPORATE NAME | |
| Corporate name or jurisdiction name as entry element | Focus on the Family (Organization) |
| Form subdivision | Biography. |
| 650 #0 - SUBJECT ADDED ENTRY--TOPICAL TERM | |
| Topical term or geographic name entry element | Christian biography |
| Geographic subdivision | United States. |
| 655 #7 - INDEX TERM--GENRE/FORM | |
| Genre/form data or focus term | Biography. |
| Source of term | fast |
| Authority record control number or standard number | (OCoLC)fst01423686 |
| 776 08 - ADDITIONAL PHYSICAL FORM ENTRY | |
| Relationship information | Online version: |
| Main entry heading | Buss, Dale. |
| Title | Family man. |
| Place, publisher, and date of publication | Wheaton, Ill. : Tyndale House Publishers, c2005 |
| Record control number | (OCoLC)653091077 |
| 942 ## - ADDED ENTRY ELEMENTS (KOHA) | |
| Source of classification or shelving scheme | Dewey Decimal Classification |
| Koha item type | Books |
| Withdrawn status | Lost status | Source of classification or shelving scheme | Damaged status | Not for loan | Collection code | Home library | Current library | Shelving location | Date acquired | Cost, normal purchase price | Total Checkouts | Full call number | Barcode | Date last seen | Price effective from | Koha item type |
|---|---|---|---|---|---|---|---|---|---|---|---|---|---|---|---|---|
| Dewey Decimal Classification | Non-fiction | Harvest Mission College | Harvest Mission College | General Stacks | 17.01.2019 | 6500.00 | 269.2 D635F | 007292 | 17.01.2019 | 17.01.2019 | Books |
